[Event "Campeonato Brasileiro Amador 2015"]
[Site "Esporte Clube Pinheiros, São P"]
[Date "2015.05.02"]
[Round "4.43"]
[White "Coronado, Evandro Jose"]
[Black "Luz, Arthur Nader"]
[Result "0-1"]
[WhiteElo "1787"]
[BlackElo "2057"]
[PlyCount "108"]
[EventDate "2015.04.30"]

1. d4 d5 2. c4 e6 3. Nf3 c6 4. Nc3 dxc4 5. a4 Bb4 6. e4 Nf6 7. e5 Nd5 8. Bd2 b5
9. axb5 Bxc3 10. Bxc3 cxb5 11. Ba5 Qe7 12. b3 Nc6 13. bxc4 bxc4 14. Bxc4 Nxa5
15. Bxd5 exd5 16. Qa4+ Bd7 17. Qxa5 O-O 18. O-O Bg4 19. Qxd5 Rad8 20. Qe4 Bxf3
21. gxf3 Rfe8 22. f4 Qd7 23. Rfd1 Qg4+ 24. Kh1 Rb8 25. Rg1 Qd7 26. f5 Rb4 27.
Qg2 g6 28. f6 h6 29. Qe4 Rxd4 30. Rxg6+ fxg6 31. Qxg6+ Kf8 32. Qxh6+ Kf7 33.
Qh7+ Ke6 34. Ra6+ Kxe5 35. Qh5+ Kf4 36. Qh6+ Ke4 37. Qe3+ Kd5 38. Ra5+ Kc6 39.
Qc3+ Kb7 40. Qb3+ Ka8 41. Qf3+ Qb7 42. Qxb7+ Kxb7 43. f7 Re1+ 44. Kg2 Rf4 45.
h4 Rxf7 46. h5 Re2 47. h6 Rfxf2+ 48. Kg3 Rh2 49. Kf4 Re6 50. Kg3 Rhxh6 51. Kg4
Rb6 52. Rf5 Rhc6 53. Rf7+ Rc7 54. Rf5 a6 0-1

[Event "Campeonato Brasileiro Amador 2015"]
[Site "Esporte Clube Pinheiros, São P"]
[Date "2015.05.02"]
[Round "4.44"]
[White "Hoshino, Karen"]
[Black "Van Riemsdijk, Dirk D"]
[Result "0-1"]
[WhiteElo "1777"]
[BlackElo "2048"]
[PlyCount "60"]
[EventDate "2015.04.30"]

1. d4 f5 2. g3 Nf6 3. Bg2 g6 4. c4 Bg7 5. Nc3 d6 6. Nf3 O-O 7. O-O c6 8. b3 Qc7
9. Bb2 e5 10. e3 Kh8 11. Rc1 e4 12. Nd2 Qe7 13. h4 Na6 14. Ba3 Be6 15. Ne2 Nc7
16. Nf4 Bf7 17. Nb1 h6 18. Nc3 g5 19. hxg5 hxg5 20. Nfe2 Ng4 21. Qd2 Rae8 22.
Rfd1 Qf6 23. Kf1 Nh2+ 24. Ke1 Nf3+ 25. Bxf3 exf3 26. Ng1 g4 27. Qd3 Bg6 28. Qf1
f4 29. Kd2 fxe3+ 30. fxe3 Bh6 0-1

[Event "Campeonato Brasileiro Amador 2015"]
[Site "Esporte Clube Pinheiros, São P"]
[Date "2015.05.02"]
[Round "4.45"]
[White "Bonfim, Regina Rodrigues"]
[Black "Nobre, Jailson Altair Barbo"]
[Result "1-0"]
[WhiteElo "2025"]
[BlackElo "1758"]
[PlyCount "69"]
[EventDate "2015.04.30"]

1. d4 Nf6 2. c4 e6 3. Nf3 Bb4+ 4. Bd2 Qe7 5. a3 Bxd2+ 6. Nbxd2 O-O 7. e4 d6 8.
Be2 e5 9. d5 Nbd7 10. O-O Nc5 11. Qc2 a5 12. b4 axb4 13. axb4 Rxa1 14. Rxa1 Na6
15. Qc3 Ne8 16. Rc1 f5 17. c5 dxc5 18. bxc5 fxe4 19. Nxe4 Bf5 20. Ng3 Bg4 21.
Qe3 Bxf3 22. Bxf3 Nf6 23. Ne4 Nxe4 24. Bxe4 Qf6 25. g3 Rd8 26. Rf1 Nb4 27. Qb3
Na6 28. d6+ Kh8 29. dxc7 Nxc7 30. Qxb7 Ne6 31. Qb6 Rd4 32. Bg2 Qe7 33. Rc1 Nc7
34. c6 e4 35. Qxd4 1-0

[Event "Campeonato Brasileiro Amador 2015"]
[Site "Esporte Clube Pinheiros, São P"]
[Date "2015.05.02"]
[Round "4.46"]
[White "Costa, Francisco Carlos Da "]
[Black "Sousa, Felipe Mazim De"]
[Result "0-1"]
[WhiteElo "2001"]
[BlackElo "1747"]
[PlyCount "114"]
[EventDate "2015.04.30"]

1. e4 d5 2. e5 c5 3. Bb5+ Bd7 4. Bxd7+ Nxd7 5. f4 e6 6. Nf3 c4 7. d4 cxd3 8.
cxd3 Qb6 9. d4 Bb4+ 10. Bd2 Ne7 11. O-O O-O 12. Kh1 Bxd2 13. Qxd2 Rac8 14. Nc3
a6 15. b3 Qb4 16. Rfc1 Rc6 17. Ne2 Qxd2 18. Nxd2 Rfc8 19. Rxc6 Rxc6 20. Rc1
Rxc1+ 21. Nxc1 Nf5 22. Ne2 Nb8 23. g4 Ne3 24. h3 Nc6 25. Kg1 Nc2 26. Nf3 N6b4
27. Nc3 Nd3 28. f5 h6 29. fxe6 fxe6 30. Na4 Ncb4 31. a3 Nc2 32. Nc5 Nxc5 33.
dxc5 Nxa3 34. Nd4 Kf7 35. c6 bxc6 36. Nxc6 Nb5 37. b4 Na3 38. Nb8 Nc4 39. Nxa6
Nxe5 40. b5 Nc4 41. Nc5 Ke7 42. Na4 Kd6 43. b6 Na5 44. Kf2 Nb7 45. Ke3 e5 46.
h4 Kc6 47. Kd3 Nd6 48. Nc3 d4 49. Na4 Kb5 50. b7 Nxb7 51. Nb2 Nd6 52. Nd1 Kc5
53. Nf2 Kd5 54. g5 h5 55. Nh3 e4+ 56. Ke2 Ke5 57. Kf2 Nf5 0-1

[Event "Campeonato Brasileiro Amador 2015"]
[Site "Esporte Clube Pinheiros, São P"]
[Date "2015.05.02"]
[Round "4.47"]
[White "Carvalho Jr, Celestino"]
[Black "Frois, Vitor Amorim"]
[Result "0-1"]
[WhiteElo "1997"]
[BlackElo "1735"]
[PlyCount "70"]
[EventDate "2015.04.30"]

1. e4 c5 2. Nf3 d6 3. d4 Nf6 4. Nc3 cxd4 5. Nxd4 a6 6. Bg5 e6 7. Be2 Be7 8. Qd2
b5 9. f3 Bb7 10. O-O-O Nbd7 11. Kb1 Nb6 12. g4 b4 13. Na4 Nxa4 14. Qxb4 Qd7 15.
b3 Nc5 16. e5 Nd5 17. Bxe7 Nxb4 18. Bxd6 Qc8 19. Kb2 Nd5 20. Rhg1 Ne7 21. h4
Ra7 22. a3 Bd5 23. c4 Ba8 24. b4 Nb7 25. Nb3 Nxd6 26. exd6 Ng6 27. c5 O-O 28.
Rd2 Bd5 29. Na5 Rd8 30. Rc1 Ne5 31. f4 Nc6 32. Nc4 Bxc4 33. Bxc4 Qb7 34. h5
Nxb4 35. axb4 Qxb4+ 0-1

[Event "Campeonato Brasileiro Amador 2015"]
[Site "Esporte Clube Pinheiros, São P"]
[Date "2015.05.02"]
[Round "4.48"]
[White "Pimentel, Rafael Favarin G"]
[Black "Francelli, Derli"]
[Result "1-0"]
[WhiteElo "1992"]
[BlackElo "1696"]
[PlyCount "71"]
[EventDate "2015.04.30"]

1. d4 d5 2. Bf4 Nf6 3. e3 e6 4. Nf3 Nbd7 5. Bd3 Be7 6. Nbd2 O-O 7. h3 h6 8. O-O
c5 9. c3 Re8 10. Ne5 Nxe5 11. dxe5 Nd7 12. Qg4 f5 13. exf6 Nxf6 14. Qg6 Kh8 15.
Be5 Kg8 16. Bxf6 Bxf6 17. Qh7+ Kf8 18. Bg6 Ke7 19. Bxe8 Qxe8 20. e4 Qh5 21.
exd5 e5 22. Qd3 Bf5 23. Qf3 Qg5 24. Ne4 Bxe4 25. Qxe4 Kd6 26. Rad1 Rf8 27. b4
b6 28. bxc5+ bxc5 29. Qa4 Rc8 30. Qa6+ Kd7 31. Qe6+ Kc7 32. d6+ Kd8 33. d7 Rb8
34. Qd6 Rb6 35. Qf8+ Kc7 36. Qc8# 1-0

[Event "Campeonato Brasileiro Amador 2015"]
[Site "Esporte Clube Pinheiros, São P"]
[Date "2015.05.02"]
[Round "4.49"]
[White "Ribeiro, Pablyto Robert Baioc"]
[Black "Nikolic, Jovane"]
[Result "0-1"]
[WhiteElo "1955"]
[BlackElo "1728"]
[PlyCount "116"]
[EventDate "2015.04.30"]

1. e4 c6 2. d3 d5 3. Nd2 dxe4 4. dxe4 Nf6 5. Ngf3 Bg4 6. Bc4 e6 7. O-O Bc5 8.
h3 Bh5 9. e5 Nd5 10. Ne4 Be7 11. Re1 Nd7 12. Ng3 Bg6 13. a3 Qc7 14. Bd3 O-O-O
15. c4 N5b6 16. Bxg6 hxg6 17. Qe2 Nc5 18. Be3 Nb3 19. Rad1 Na4 20. Qc2 Nac5 21.
Bxc5 Nxc5 22. b4 Rxd1 23. Rxd1 Nd7 24. Qe4 c5 25. Qe1 Nb6 26. Rc1 Kb8 27. b5
Rd8 28. Qe4 Qd7 29. Qc2 Qd3 30. Ne4 Qxc2 31. Rxc2 Rd3 32. Rd2 Rxa3 33. Nd6 Bxd6
34. exd6 Kc8 35. Ne5 Nd7 36. Nxf7 Rc3 37. Ng5 Rxc4 38. Nxe6 Re4 39. Nxg7 Nf6
40. d7+ Nxd7 41. Rd6 c4 42. Rxg6 c3 43. Ne6 b6 44. Ng5 Rc4 45. Ne4 Kd8 46. Nxc3
Rxc3 47. Rg8+ Ke7 48. Rg7+ Ke6 49. Rg6+ Kf7 50. Rd6 Ke7 51. Rd4 Nc5 52. Rb4 Kf6
53. h4 Ke5 54. h5 Rc1+ 55. Kh2 Nd3 56. Rh4 Nxf2 57. g4 Rh1+ 58. Kg3 Ne4+ 0-1

[Event "Campeonato Brasileiro Amador 2015"]
[Site "Esporte Clube Pinheiros, São P"]
[Date "2015.05.02"]
[Round "4.50"]
[White "Vicentin, Marcos Tadeu"]
[Black "Teshima, Ricardo Yoshida"]
[Result "1-0"]
[WhiteElo "1909"]
[BlackElo "1690"]
[PlyCount "79"]
[EventDate "2015.04.30"]

1. f4 f5 2. Nf3 Nf6 3. b3 e6 4. Bb2 b6 5. e3 Bb7 6. Be2 Be7 7. c4 d6 8. O-O
Nbd7 9. Ng5 Nf8 10. d3 h6 11. Nf3 Qd7 12. a4 Rg8 13. a5 g5 14. a6 Bxf3 15. Bxf3
O-O-O 16. Nc3 c6 17. b4 gxf4 18. exf4 d5 19. cxd5 Nxd5 20. Nxd5 exd5 21. Qb3
Ng6 22. g3 Nxf4 23. Rac1 Kb8 24. Rc2 Nh3+ 25. Kh1 Ng5 26. Bg2 Rg6 27. Rfc1 Nf7
28. Bd4 Bf6 29. Rxc6 Bxd4 30. Rxg6 Be3 31. Rf1 Bg5 32. Re1 Re8 33. Rxe8+ Qxe8
34. Rg8 Qxg8 35. Qxd5 Qc8 36. Qa8+ Kc7 37. Qxa7+ Kd8 38. Qxb6+ Ke8 39. Qc6+
Qxc6 40. Bxc6+ 1-0

[Event "Campeonato Brasileiro Amador 2015"]
[Site "Esporte Clube Pinheiros, São P"]
[Date "2015.05.02"]
[Round "4.51"]
[White "Carlos, Roberta Souto"]
[Black "Almeida Junior, Alvaro Alves D"]
[Result "0-1"]
[WhiteElo "1682"]
[BlackElo "1906"]
[PlyCount "28"]
[EventDate "2015.04.30"]

1. d4 Nf6 2. c4 e5 3. d5 c6 4. Nc3 Bb4 5. Bd2 d6 6. dxc6 Nxc6 7. Nd5 Bxd2+ 8.
Qxd2 Ne4 9. Qe3 Bf5 10. Nf3 Qa5+ 11. Nd2 Nd4 12. O-O-O Qxd5 13. cxd5 Rc8+ 14.
Kb1 Nxd2+ 0-1

[Event "Campeonato Brasileiro Amador 2015"]
[Site "Esporte Clube Pinheiros, São P"]
[Date "2015.05.02"]
[Round "4.52"]
[White "Pinto, Ana Vitoria"]
[Black "Felix, Raimundo Nascimento"]
[Result "0-1"]
[WhiteElo "1644"]
[BlackElo "1905"]
[PlyCount "42"]
[EventDate "2015.04.30"]

1. e4 c5 2. Nf3 g6 3. d4 Bg7 4. Nc3 cxd4 5. Nxd4 Nc6 6. Be3 Nf6 7. Qd2 O-O 8.
f3 d5 9. exd5 Nxd5 10. Nxd5 Qxd5 11. c3 Qe5 12. Nxc6 bxc6 13. Qf2 Rd8 14. Be2
Rb8 15. Bd4 Qg5 16. Bxg7 Qd2+ 17. Kf1 Qxb2 18. Rd1 Rxd1+ 19. Bxd1 Kxg7 20. Bb3
Qxc3 21. Rg1 Ba6+ 0-1

[Event "Campeonato Brasileiro Amador 2015"]
[Site "Esporte Clube Pinheiros, São P"]
[Date "2015.05.02"]
[Round "4.53"]
[White "Crul, Otavio Augusto Barro"]
[Black "Tamarozi, Isabelle"]
[Result "0-1"]
[WhiteElo "1623"]
[BlackElo "1904"]
[PlyCount "90"]
[EventDate "2015.04.30"]

1. d4 Nf6 2. c4 g6 3. Nc3 Bg7 4. e4 d6 5. Nf3 O-O 6. Bg5 h6 7. Be3 Nbd7 8. Be2
e5 9. dxe5 dxe5 10. Qc2 Ng4 11. Bd2 c6 12. h3 Ngf6 13. Rd1 Qe7 14. Be3 Nh5 15.
O-O Nf4 16. a3 Nxe2+ 17. Qxe2 f5 18. exf5 gxf5 19. Rfe1 e4 20. Nh2 Ne5 21. Bd4
Qg5 22. c5 Nd3 23. Be3 Qg6 24. Rxd3 exd3 25. Qxd3 Be6 26. Bf4 Rad8 27. Bd6 Rfe8
28. Re3 b6 29. b4 b5 30. Qc2 Bc4 31. Rxe8+ Rxe8 32. Nf3 Qf6 33. Nd1 Qa1 34. Kh2
Re2 35. Qxf5 Qxd1 36. Qc8+ Kh7 37. Qf5+ Kg8 38. Qc8+ Kh7 39. Qf5+ Kh8 40. Nh4
Qd3 41. Qc8+ Kh7 42. Qxc6 Qd5 43. Qd7 Rxf2 44. Qg4 Be5+ 45. Bxe5 Qxe5+ 0-1

[Event "Campeonato Brasileiro Amador 2015"]
[Site "Esporte Clube Pinheiros, São P"]
[Date "2015.05.02"]
[Round "4.54"]
[White "Campos, Igor Joao Stefani Si"]
[Black "Silva, Alexandre Freitas So"]
[Result "0-1"]
[WhiteElo "1587"]
[BlackElo "1903"]
[PlyCount "98"]
[EventDate "2015.04.30"]

1. e4 c6 2. d4 d5 3. e5 Bf5 4. c4 e6 5. Bd3 Bxd3 6. Qxd3 dxc4 7. Qxc4 c5 8.
dxc5 Qa5+ 9. b4 Qc7 10. Nf3 a5 11. Bd2 axb4 12. Bxb4 Ne7 13. O-O Nd5 14. Nc3
Nxb4 15. Qxb4 Na6 16. Qb5+ Qc6 17. Nd4 Qxb5 18. Ndxb5 Bxc5 19. Ne4 O-O 20. Nbd6
Bd4 21. Rab1 Bxe5 22. Nxb7 Nc7 23. Nbc5 Rfd8 24. a4 Rd5 25. Rb7 f5 26. Rfb1
fxe4 27. Nxe4 Rxa4 28. Rxc7 Bxc7 29. Nc3 Rc4 30. Nxd5 exd5 31. h3 Bf4 32. Kf1
Rc1+ 33. Rxc1 Bxc1 34. Ke2 Kf7 35. Kd3 Ke6 36. g3 g5 37. Kc2 Ba3 38. Kd3 Bc5
39. f3 Bf2 40. g4 Ke5 41. Ke2 Bc5 42. Kd3 Kf4 43. Ke2 Kg3 44. h4 gxh4 45. g5 h3
46. Kf1 h2 47. f4 h1=Q+ 48. Ke2 Qf3+ 49. Ke1 Bb4# 0-1

[Event "Campeonato Brasileiro Amador 2015"]
[Site "Esporte Clube Pinheiros, São P"]
[Date "2015.05.02"]
[Round "4.55"]
[White "Guerra, Filipe Tella"]
[Black "Penha, Evelyn Maximiano"]
[Result "1/2-1/2"]
[WhiteElo "1870"]
[BlackElo "1652"]
[PlyCount "136"]
[EventDate "2015.04.30"]

1. c4 e5 2. Nc3 Nf6 3. e3 d5 4. cxd5 Nxd5 5. d4 Nxc3 6. bxc3 exd4 7. cxd4 Bb4+
8. Bd2 Bxd2+ 9. Qxd2 O-O 10. Nf3 b6 11. Be2 Bb7 12. O-O Nd7 13. Rad1 Nf6 14.
Qc2 Be4 15. Qb2 Qe7 16. Nd2 Bb7 17. Bf3 Bxf3 18. Nxf3 Rad8 19. Rc1 c5 20. dxc5
bxc5 21. Qb5 Rc8 22. Rc2 Rfd8 23. Rfc1 Ne4 24. Qc4 h6 25. h3 Rb8 26. a3 Rb7 27.
Qe2 Rbd7 28. a4 Rd5 29. a5 Qd7 30. a6 Rd1+ 31. Rxd1 Qxd1+ 32. Kh2 Qxe2 33. Rxe2
Rd6 34. Ra2 c4 35. Nd4 Rb6 36. f3 Nc5 37. Rc2 Rxa6 38. Rxc4 Ne6 39. Rc8+ Kh7
40. Nc6 Ra3 41. Ra8 a6 42. Nb8 a5 43. Nd7 a4 44. f4 Kg6 45. Ne5+ Kf6 46. Ra7
Nd8 47. Rd7 Ke6 48. Rxd8 Rxe3 49. Ra8 Re4 50. Nd3 Rd4 51. Nc5+ Kf5 52. Rxa4
Rxa4 53. Nxa4 Kxf4 54. Nc5 g5 55. Nd3+ Kf5 56. g4+ Kg6 57. Ne5+ Kf6 58. Nf3 Kg6
59. Nd4 h5 60. Kg3 hxg4 61. hxg4 Kf6 62. Kf3 Ke5 63. Ke3 f6 64. Nf5 Kd5 65.
Ne7+ Ke5 66. Nc6+ Kd5 67. Nd4 Ke5 68. Ne2 f5 1/2-1/2

[Event "Campeonato Brasileiro Amador 2015"]
[Site "Esporte Clube Pinheiros, São P"]
[Date "2015.05.02"]
[Round "4.56"]
[White "Bocca, Edson Ricardo"]
[Black "Ribeiro, Allysson"]
[Result "0-1"]
[WhiteElo "1583"]
[BlackElo "1861"]
[PlyCount "96"]
[EventDate "2015.04.30"]

1. e4 e6 2. Nc3 d5 3. exd5 exd5 4. d4 Nf6 5. Be3 c6 6. h3 Bd6 7. Qd2 Bf5 8. Bd3
Ne4 9. Bxe4 dxe4 10. O-O-O Nd7 11. Kb1 Nb6 12. d5 Nc4 13. Qd4 Nxe3 14. Qxe3 Qe7
15. f3 O-O 16. fxe4 Rfe8 17. Re1 Bb4 18. Re2 Bxc3 19. Qxc3 Bxe4 20. Nf3 cxd5
21. Rhe1 Rec8 22. Qb3 Qf6 23. Rc1 a5 24. a4 Rab8 25. Ka1 Rc4 26. c3 Qc6 27.
Rxe4 dxe4 28. Ne5 Qxa4+ 29. Qxa4 Rxa4+ 30. Kb1 e3 31. Re1 Re4 32. Nd7 Rd8 33.
Nc5 Re7 34. Nb3 f5 35. Nxa5 Rd2 36. Nc4 Rxg2 37. Rxe3 Rxe3 38. Nxe3 Rg1+ 39.
Kc2 f4 40. Nd1 f3 41. b4 f2 42. Nxf2 Rg2 43. Kb3 Rxf2 44. b5 Rf3 45. Kb4 Rxh3
46. c4 Rf3 47. Kc5 Rf6 48. Kd5 h5 0-1

[Event "Campeonato Brasileiro Amador 2015"]
[Site "Esporte Clube Pinheiros, São P"]
[Date "2015.05.02"]
[Round "4.57"]
[White "Ferreira Brandet, Rodrigo"]
[Black "Saito, Helio Tsutomu"]
[Result "1-0"]
[WhiteElo "1856"]
[BlackElo "1634"]
[PlyCount "69"]
[EventDate "2015.04.30"]

1. d4 c5 2. d5 d6 3. c4 g6 4. e4 Bg7 5. f4 Nf6 6. Bd3 a6 7. Nf3 O-O 8. a4 e6 9.
O-O exd5 10. cxd5 Bg4 11. h3 Bxf3 12. Qxf3 Nbd7 13. Nd2 Rb8 14. a5 Qc7 15. Nc4
Ne8 16. Re1 Ra8 17. Bd2 b5 18. axb6 Nxb6 19. Ba5 Rb8 20. Nxb6 Rxb6 21. Bxb6
Qxb6 22. Rxa6 Qxb2 23. Kh1 Qc3 24. Rb1 c4 25. Bf1 Qc2 26. Rb8 Nf6 27. Rxf8+
Bxf8 28. e5 Ne4 29. e6 fxe6 30. dxe6 h5 31. Ra7 Qb1 32. e7 Kf7 33. exf8=Q+ Kxf8
34. Kh2 d5 35. Qa3+ 1-0

[Event "Campeonato Brasileiro Amador 2015"]
[Site "Esporte Clube Pinheiros, São P"]
[Date "2015.05.02"]
[Round "4.58"]
[White "Fantinati, Nilton M. Nasciment"]
[Black "Karoly, Carlos Acacio Gomes"]
[Result "1/2-1/2"]
[WhiteElo "1561"]
[BlackElo "1853"]
[PlyCount "70"]
[EventDate "2015.04.30"]

1. b3 Nf6 2. Bb2 g6 3. e3 Bg7 4. d4 O-O 5. Nd2 d6 6. c4 Re8 7. Ngf3 Bg4 8. Qc2
c6 9. Rc1 Nbd7 10. h3 Bxf3 11. Nxf3 e5 12. dxe5 dxe5 13. Rd1 Qc7 14. Be2 Rad8
15. O-O Bf8 16. Rd2 Bb4 17. Rdd1 c5 18. e4 Qc6 19. Bd3 Nh5 20. Bc1 f6 21. Nh4
Nf8 22. f4 exf4 23. Bxf4 Ne6 24. Be3 Nd4 25. Qf2 Rf8 26. Bb1 Ba5 27. g4 Ng7 28.
Nf3 Nge6 29. Bd3 Bc7 30. Qg2 Nxf3+ 31. Qxf3 Be5 32. Qf2 Nd4 33. Bf4 Qe6 34. Be3
b6 35. Bf4 a5 1/2-1/2

[Event "Campeonato Brasileiro Amador 2015"]
[Site "Esporte Clube Pinheiros, São P"]
[Date "2015.05.02"]
[Round "4.59"]
[White "Vieira, Alexandre Letizio"]
[Black "Dutra, Liliam Guedes"]
[Result "1-0"]
[WhiteElo "1832"]
[BlackElo "1623"]
[PlyCount "87"]
[EventDate "2015.04.30"]

1. e4 e6 2. d4 d5 3. Nc3 Bb4 4. e5 c5 5. a3 Bxc3+ 6. bxc3 Qa5 7. Bd2 c4 8. Qg4
g6 9. h4 h5 10. Qf3 Qa4 11. Ra2 Ne7 12. Nh3 Nf5 13. Ng5 Qd7 14. g3 Nc6 15. Bg2
b6 16. O-O Bb7 17. a4 O-O-O 18. Rb1 Rdf8 19. Qe2 Qe7 20. Bc1 Qd7 21. Ba3 Re8
22. Kh2 Kb8 23. Bc1 Na5 24. Bh3 Bc6 25. Rb4 Qe7 26. Ba3 Qd7 27. f4 Ka8 28. Bc1
Qe7 29. Qe1 Nb7 30. Bg2 f6 31. exf6 Qxf6 32. Rxc4 dxc4 33. Bxc6 Re7 34. a5 e5
35. Bxb7+ Rxb7 36. a6 Rd7 37. Qe4+ Kb8 38. fxe5 Qe7 39. Bf4 Nd6 40. exd6 Qxe4
41. Nxe4 Rf8 42. Ra4 b5 43. Rb4 Rf5 44. Nc5 1-0

[Event "Campeonato Brasileiro Amador 2015"]
[Site "Esporte Clube Pinheiros, São P"]
[Date "2015.05.02"]
[Round "4.60"]
[White "Castro, Leonardo Nascimento"]
[Black "Sbrissa Neto, David Antonio"]
[Result "0-1"]
[WhiteElo "1550"]
[BlackElo "1826"]
[PlyCount "74"]
[EventDate "2015.04.30"]

1. Nf3 d5 2. g3 Nf6 3. Bg2 c6 4. O-O Bg4 5. h3 Bh5 6. g4 Bg6 7. Ne5 Nbd7 8. d4
Nxe5 9. dxe5 Nd7 10. f4 f5 11. e3 e6 12. g5 h6 13. h4 hxg5 14. hxg5 Bc5 15. Nc3
a6 16. Ne2 Bh5 17. Kf2 Qb6 18. Rh1 O-O-O 19. Bf3 Bxf3 20. Kxf3 Qb4 21. Ng3 d4
22. Rxh8 Rxh8 23. exd4 Qxd4 24. Qxd4 Bxd4 25. c3 Bb6 26. Be3 Rh2 27. Bxb6 Nxb6
28. Rh1 Rxh1 29. Nxh1 Nc4 30. b3 Nd2+ 31. Ke3 Ne4 32. c4 b5 33. cxb5 axb5 34.
Nf2 Nxf2 35. Kxf2 c5 36. a4 c4 37. bxc4 bxa4 0-1

[Event "Campeonato Brasileiro Amador 2015"]
[Site "Esporte Clube Pinheiros, São P"]
[Date "2015.05.02"]
[Round "4.66"]
[White "Pereira, Daniele Costa"]
[Black "Buarque, Hugo Leonardo De Bri"]
[Result "1/2-1/2"]
[WhiteElo "1582"]
[BlackElo "1992"]
[PlyCount "59"]
[EventDate "2015.04.30"]

1. Nf3 c5 2. g3 b6 3. Bg2 Bb7 4. O-O Nf6 5. d3 g6 6. Nbd2 Bg7 7. c3 O-O 8. e4
d6 9. Re1 Nbd7 10. Nf1 a5 11. Qc2 Rc8 12. N3d2 Qc7 13. Nc4 b5 14. Nce3 e6 15.
f4 Nb6 16. Bd2 Qb8 17. Rad1 Qa8 18. Bc1 Rcd8 19. Qe2 b4 20. Qc2 Rc8 21. Nd2 d5
22. e5 Nfd7 23. c4 d4 24. Bxb7 Qxb7 25. Ng4 h5 26. Nf2 Qc6 27. b3 Ra8 28. Nfe4
Ra6 29. a4 Nc8 30. Nf3 1/2-1/2

[Event "Campeonato Brasileiro Amador 2015"]
[Site "Esporte Clube Pinheiros, São P"]
[Date "2015.05.02"]
[Round "4.68"]
[White "Rodrigues, Julliano De Araujo"]
[Black "Meirelles, Olyntho Vitoria"]
[Result "1-0"]
[WhiteElo "1808"]
[BlackElo "1585"]
[PlyCount "31"]
[EventDate "2015.04.30"]

1. e4 c6 2. d4 d5 3. Nd2 Qb6 4. c3 e6 5. Bd3 c5 6. Ne2 Nc6 7. exd5 exd5 8. dxc5
Bxc5 9. O-O Nf6 10. Nb3 Bd6 11. Qc2 Bg4 12. Bg5 O-O-O 13. Bxf6 Bxe2 14. Bf5+
Kb8 15. Bxd8 Bxf1 16. Bxb6 1-0

[Event "Campeonato Brasileiro Amador 2015"]
[Site "Esporte Clube Pinheiros, São P"]
[Date "2015.05.02"]
[Round "4.69"]
[White "Serafim Junior, Arnor"]
[Black "Yoshioka, Hugo"]
[Result "1-0"]
[WhiteElo "1800"]
[BlackElo "1578"]
[PlyCount "71"]
[EventDate "2015.04.30"]

1. Nf3 c5 2. g3 Nc6 3. Bg2 e5 4. d3 g6 5. O-O Bg7 6. Nbd2 Nge7 7. e4 O-O 8. Re1
d6 9. a4 a5 10. Nc4 h6 11. Be3 Be6 12. c3 Qc7 13. Rc1 Ra6 14. Bf1 Bxc4 15. dxc4
Raa8 16. Qd2 Kh7 17. Rcd1 Rad8 18. Qc2 Nc8 19. Nh4 g5 20. Nf5 Bf6 21. Bh3 h5
22. Bc1 N8e7 23. Ne3 g4 24. Bg2 Rg8 25. Nd5 Nxd5 26. exd5+ Kg7 27. dxc6 bxc6
28. Qf5 Rh8 29. Bg5 Bxg5 30. Qxg5+ Kf8 31. Qf6 Rg8 32. Rxe5 Rg6 33. Qh8+ Rg8
34. Qh6+ Rg7 35. Rg5 f6 36. Qh8+ 1-0

[Event "Campeonato Brasileiro Amador 2015"]
[Site "Esporte Clube Pinheiros, São P"]
[Date "2015.05.02"]
[Round "4.70"]
[White "Paiva, Paulo Ricardo Goncal"]
[Black "De Moura, Valderi Nascimento"]
[Result "1/2-1/2"]
[WhiteElo "1513"]
[BlackElo "1799"]
[PlyCount "72"]
[EventDate "2015.04.30"]

1. e4 e6 2. d4 d5 3. e5 c5 4. c3 Nc6 5. Nf3 Qb6 6. Be2 Nge7 7. Na3 Nf5 8. Nc2
Bd7 9. g4 Nfe7 10. O-O Ng6 11. Be3 c4 12. Rb1 Be7 13. Bg5 Qd8 14. Qd2 f6 15.
exf6 gxf6 16. Be3 Qc7 17. h3 h5 18. g5 f5 19. Qc1 e5 20. dxe5 Ncxe5 21. Nxe5
Qxe5 22. Bd4 Qxe2 23. Bxh8 Nxh8 24. Re1 Qd3 25. Re3 O-O-O 26. Rxd3 cxd3 27. Nb4
Nf7 28. h4 Ne5 29. Qe3 Bd6 30. Nxd3 f4 31. Nxf4 Bc6 32. Rd1 d4 33. cxd4 Nf3+
34. Kf1 Nh2+ 35. Kg1 Nf3+ 36. Kf1 Nh2+ 1/2-1/2

[Event "Campeonato Brasileiro Amador 2015"]
[Site "Esporte Clube Pinheiros, São P"]
[Date "2015.05.02"]
[Round "4.71"]
[White "Brujin, Homero"]
[Black "Schwertner, Joao Victor Moreir"]
[Result "0-1"]
[WhiteElo "1486"]
[BlackElo "1771"]
[PlyCount "50"]
[EventDate "2015.04.30"]

1. d4 d5 2. Nf3 e6 3. g3 Nf6 4. Bg2 c5 5. c3 Nc6 6. O-O cxd4 7. cxd4 Bd6 8. Bg5
h6 9. Bd2 Qb6 10. Bc1 Bd7 11. Nbd2 Nxd4 12. Nxd4 Qxd4 13. Nb3 Qxd1 14. Rxd1 Rc8
15. e4 Bc6 16. Na5 Ke7 17. Nxc6+ bxc6 18. exd5 cxd5 19. a3 Rc2 20. b4 Rhc8 21.
Bf1 e5 22. b5 Bc5 23. Bd2 Ne4 24. Bb4 Nxf2 25. Rxd5 Ng4+ 0-1

[Event "Campeonato Brasileiro Amador 2015"]
[Site "Esporte Clube Pinheiros, São P"]
[Date "2015.05.02"]
[Round "4.72"]
[White "Camargo, Luca Oshiro"]
[Black "Souza, Kim Garcia De"]
[Result "0-1"]
[WhiteElo "1467"]
[BlackElo "1764"]
[PlyCount "50"]
[EventDate "2015.04.30"]

1. e4 d5 2. exd5 Nf6 3. Bb5+ Nbd7 4. Nf3 Nxd5 5. d4 c6 6. Be2 N7f6 7. O-O Bf5
8. a3 h6 9. c4 Nb6 10. Nc3 g5 11. h3 Bg7 12. Re1 Qc7 13. Bd3 Be6 14. Ne5 Rd8
15. Be3 Nfd7 16. c5 Nd5 17. Nf3 Nf4 18. Bxf4 Qxf4 19. Re4 Qc7 20. Qc2 Bf5 21.
Re3 Bxd3 22. Qxd3 Nxc5 23. Qe2 Ne6 24. Re1 O-O 25. Rd3 Nf4 0-1

[Event "Campeonato Brasileiro Amador 2015"]
[Site "Esporte Clube Pinheiros, São P"]
[Date "2015.05.02"]
[Round "4.74"]
[White "Alves Da Silva, Jadson Paulino"]
[Black "Silvestre Da Silva, Sidnei"]
[Result "1-0"]
[WhiteElo "1742"]
[BlackElo "1542"]
[PlyCount "77"]
[EventDate "2015.04.30"]

1. e4 c6 2. d3 d5 3. Nd2 Nf6 4. Ngf3 Bg4 5. e5 Nfd7 6. d4 c5 7. c3 cxd4 8. cxd4
Nc6 9. h3 Bxf3 10. Nxf3 e6 11. a3 Be7 12. Bd3 Qb6 13. Qa4 Qa5+ 14. Qxa5 Nxa5
15. Bd2 Nb3 16. Rd1 Nxd2 17. Kxd2 O-O 18. Rc1 Rac8 19. g4 Nb6 20. Rxc8 Rxc8 21.
Rc1 Nc4+ 22. Bxc4 Rxc4 23. Rxc4 dxc4 24. Kc3 b5 25. Nd2 a5 26. Ne4 Kf8 27. Nc5
Bxc5 28. dxc5 Ke8 29. a4 b4+ 30. Kxc4 f6 31. f4 g5 32. fxg5 fxe5 33. Kd3 Kd7
34. Ke4 Kc6 35. Kxe5 Kxc5 36. b3 Kc6 37. Kxe6 Kc5 38. Ke5 Kc6 39. h4 1-0

[Event "Campeonato Brasileiro Amador 2015"]
[Site "Esporte Clube Pinheiros, São P"]
[Date "2015.05.02"]
[Round "4.75"]
[White "Sato, Leticia Miho"]
[Black "Mesquita, Arnaldo Leite"]
[Result "1-0"]
[WhiteElo "1403"]
[BlackElo "1730"]
[PlyCount "101"]
[EventDate "2015.04.30"]

1. d4 Nf6 2. Nf3 e6 3. Bf4 d5 4. e3 c5 5. c3 h6 6. Bd3 c4 7. Bc2 Nbd7 8. h3 Be7
9. Nbd2 O-O 10. b3 b5 11. O-O Bb7 12. Ne5 Nxe5 13. Bxe5 Bd6 14. Bxd6 Qxd6 15.
Rb1 a6 16. bxc4 dxc4 17. Nxc4 Qc6 18. Qf3 Qd7 19. Ne5 Bxf3 20. Nxd7 Bd5 21.
Nxf8 Bxa2 22. Rb2 Bc4 23. Ra1 Kxf8 24. Bb3 Bd3 25. f3 Nd5 26. Bxd5 exd5 27.
Rba2 Rc8 28. Rxa6 Rxc3 29. R6a3 Rxa3 30. Rxa3 Bc4 31. Ra7 b4 32. Rb7 b3 33. e4
Ke8 34. exd5 Bxd5 35. Rb4 Ke7 36. Kf2 h5 37. Ke3 g6 38. Kd3 g5 39. Rb5 Ke6 40.
Rb6+ Ke7 41. Rh6 h4 42. Kc3 Be6 43. Rh8 Kd7 44. Rb8 f5 45. Rb5 Kc6 46. Re5 Kd6
47. Rxe6+ Kxe6 48. Kxb3 Kd6 49. Kc4 Kc6 50. d5+ Kd7 51. Kc5 1-0